Statistics for The Ultimate Country Name Quiz -Scramble + Completing Country Names + Countries That Contain _ + Countries That Contain _ And So on

Click here to take the quiz!

General Stats

  • This quiz has been taken 75 times
  • The average score is 14 of 23

Answer Stats

HintAnswer% Correct
COUNTRIES THAT CONTAIN XNORTH AMERICAMEXICO
91%
SCRAMBLEIEXOMCMEXICO
91%
COUNTRY THAT START WITH YASIAYEMEN
91%
SCRAMBLENDAIIINDIA
89%
SCRAMBLEOOOCCRMMOROCCO
87%
COUNTRIES START WITH VSOUTH AMERICAVENEZUELA
87%
COUNTRIES START WITH VOCEANIAVANUATU
85%
COUNTRIES START WITH VEUROPEVATICAN CITY
82%
COUNTRIES START WITH VASIAVIETNAM
82%
COMPLETE NAMEM_ _ _G_S_ _RMADAGASCAR
75%
COMPLETE NAMEM_ _ _IT_ _ SMAURITIUS
73%
SCRAMBLELZRBAIBRAZIL
69%
COUNTRY THAT START WITH A BUT NOT END IN AASIA/EUROPEAZERBAIJAN
67%
COUNTRY THAT START WITH A BUT NOT END IN AASIAAFGHANISTAN
64%
COUNTRIES THAT CONTAIN XEUROPELUXEMBOURG
64%
COMPLETE NAME_ _U_ UNAURU
56%
COMPLETE NAME_ _L_ _DPOLAND
47%
COMPLETE NAME_OL_ _ _ ABOLIVIA
42%
SINGLE WORD COUNTRY NAME THAT CONTAIN ALL VOWELSAFRICAMOZAMBIQUE
31%
COMPLETE NAME_ E _ _E_ L_ _DNEW ZEALAND
24%
COMPLETE NAME_R_ _ _ _K_SRI LANKA
16%
COMPLETE NAME_ _R_ _ASERBIA
15%
COMPLETE NAME_ R _ _ A _AGRENADA
7%

Score Distribution

Percentile by Number Answered

Percent of People with Each Score

Your Score History

You have not taken this quiz